000 00513nam a2200181Ia 4500
008 090123s9999 xx 000 0 und d
082 _b5063
_a891.463/खांडेक
100 _aखांडेकर वि.स.
245 _aदोन ध्रुव
250 _a6
260 _c1978
300 _a283
600 _aखांडेकर वि.स.
630 _aदोन ध्रुव
700 _aखांडेकर वि.स.
730 _aदोन ध्रुव
942 _cBOOK
999 _c43138
_d43138